Sports Quiz

Random Sports or Olympics Quiz

2008 Stanford Olympic Medalists Quiz Stats

 Plays Quiz not verified by Sporcle

Challenge
Share
Tweet
Embed
Score 0/24 Timer 07:00
0 Plays Today
Sport Name % Correct
Beach VolleyballKerri Walsh
65.2%
TennisBob Bryan
47.8%
TennisMike Bryan
47.8%
RowingElle Logan
34.8%
SoftballJessica Mendoza
34.8%
VolleyballLogan Tom
34.8%
SwimmingElaine Breeden
30.4%
SwimmingJulia Smit
30.4%
SoccerNicole Barnhart
26.1%
VolleyballKevin Hansen
26.1%
SoccerRachel Buehler
21.7%
SwimmingBen Wildman-Tobriner
21.7%
Sport Name % Correct
Water PoloTony Azevedo
17.4%
VolleyballOgonna Nnamani
17.4%
Water PoloJessica Steffens
17.4%
Water PoloBrenda Villa
17.4%
BaseballJohn Gall
13%
VolleyballGabe Gardner
8.7%
Water PoloPeter Hudnut
8.7%
SoftballLauren Lappin
8.7%
Water PoloPeter Varellas
8.7%
RowingAdam Kreek
4.3%
Water PoloLayne Beaubien
4.3%
Water PoloAlison Gregorka
4.3%

You're not logged in!

Compare scores with friends on all Sporcle quizzes.
OR
Log In

You Might Also Like...

Show Comments

Extras

Top Quizzes Today


Score Distribution

Your Account Isn't Verified!

In order to create a playlist on Sporcle, you need to verify the email address you used during registration. Go to your Sporcle Settings to finish the process.

Report this User

Report this user for behavior that violates our Community Guidelines.

Details: